Saints Row 2 Character Quiz - Statistics

General Stats
  • This quiz has been taken 34 times
  • The average score is 13 of 21
Answer Stats
Hint Answer % Correct
Prominent Saints Second In Command Johnny Gat
100%
Saints Lieutenant (Samedi) Shaundi
88%
Girlfriend of Above (Faked her death) Aisha
81%
Samedi Second in Command Mr. Sunshine
81%
Saints Lieutenant (Ronin) Pierce
75%
Saints Lieutenant (Brotherhood) Carlos
69%
Brotherhood Leader Maero
69%
Brotherhood Mechanic Donnie
63%
Samedi Leader The General
63%
Samedi Dealers/ DJ Veteran Child
63%
Ultor Executive Dane Vogel
56%
Former Saints Member Dex
56%
His Girlfriend Jessica
56%
Former Leader of The Saints Julius
56%
Ronin Leader Shogo
56%
Brotherhood Tattoo Artist/ Lead Guitar of Feed Dogs Matt
50%
His Father Kazuo Akuji
44%
Chief of Police (Former Saint) Troy Bradshaw
44%
News Anchor Jane Valderrama
38%
Ronin Lieutenant Jyunichi
31%
Chinese Mobster Mr. Wong
31%
No matching quizzes found
Score Distribution
Percent of People with Each Score
Percentile by Number Answered
Your Score History
You have not taken this quiz